000 00368nam a2200133Ia 4500
003 GCL
008 140319s9999 xx 000 0 ara d
040 _aGCL /
_cGCL
082 0 4 _a330.962
_bس ن
245 1 0 _aنحو استراتيجية قومية للاصلاح الاقتصادى
260 _a[S.N] :
_bدار الشروق ،
_c1991
300 _a192 ص
490 _a
999 _c32225
_d32225